Pakistan's foreign policy / (Record no. 124129)

MARC details
000 -LEADER
fixed length control field 00716nam a22002297a 4500
005 - DATE AND TIME OF LATEST TRANSACTION
control field 20170124105935.0
010 ## - LIBRARY OF CONGRESS CONTROL NUMBER
LC control number B-160096
020 ## - INTERNATIONAL STANDARD BOOK NUMBER
Terms of availability 790.00
International Standard Book Number 8178354055
035 ## - SYSTEM CONTROL NUMBER
System control number B-160096
037 ## - SOURCE OF ACQUISITION
Source of stock number/acquisition Cen Lib/Ret
040 ## - CATALOGING SOURCE
Original cataloging agency DPL
Language of cataloging EN
082 ## - DEWEY DECIMAL CLASSIFICATION NUMBER
Classification number 327.9547
Item number PAT
100 ## - MAIN ENTRY--PERSONAL NAME
Personal name Patnaik, Sudhanshu Kumar
9 (RLIN) 9456
245 ## - TITLE STATEMENT
Title Pakistan's foreign policy /
Statement of responsibility, etc by Sudhanshu Kumar Patnaik
260 ## - PUBLICATION, DISTRIBUTION, ETC. (IMPRINT)
Place of publication, distribution, etc Delhi
Name of publisher, distributor, etc Kalpaz Publications
Date of publication, distribution, etc 2005
270 ## - ADDRESS
Address C-30, Satyawati Nagar
City Delhi
Postal code 110052
300 ## - PHYSICAL DESCRIPTION
Extent 336p. :
Dimensions 21cm(Hb)
Other physical details ill.
500 ## - GENERAL NOTE
General note Includes bibliographical references and index.
650 ## - SUBJECT ADDED ENTRY--TOPICAL TERM
Topical term or geographic name as entry element Political Science
9 (RLIN) 9457
650 ## - SUBJECT ADDED ENTRY--TOPICAL TERM
Topical term or geographic name as entry element Foreign Policy
9 (RLIN) 5145
942 ## - ADDED ENTRY ELEMENTS (KOHA)
Source of classification or shelving scheme Dewey Decimal Classification
Koha item type English Books
Classification part 327.9547
Call number suffix PAT
Holdings
Withdrawn status Lost status Damaged status Not for loan Home library Current library Date acquired Source of acquisition Cost, normal purchase price Total Checkouts Full call number Barcode Date last seen Copy number Cost, replacement price Price effective from Koha item type Source of classification or shelving scheme Collection code
        Central Library Central Library 13/06/2015 Cen Lib/Ret 790.00   327.9547 PAT B-160096 13/06/2015 1 790.00 13/06/2015 English Books    
        Shahdara Branch Shahdara Branch 06/08/2018 BPPD/PUB 790.00   327.9547 PAT B-160100 06/08/2018   790.00 06/08/2018 English Books Dewey Decimal Classification Non-fiction

© Delhi Public Library
Hit Counter
free hit counter